Population growth and policies in mega-cities : Sao Paulo

Αποθηκεύτηκε σε:
Λεπτομέρειες βιβλιογραφικής εγγραφής
Συγγραφή απο Οργανισμό/Αρχή: Department for Economic and Social Information and Policy Analysis
Μορφή: Βιβλίο
Γλώσσα:English
Δημοσίευση: New York : United Nations, 1993
Σειρά:Population policy paper
Θέματα:
Ετικέτες: Προσθήκη ετικέτας
Δεν υπάρχουν, Καταχωρήστε ετικέτα πρώτοι!

MARC

LEADER 00000nam a2200000 i 4500
001 1/5079
008 000602s1993 eng d
020 |a 92-1-151254-9 
035 |l 10061459 
040 |a GR-MY-UA  |b gre  |e aacr 
041 0 |a eng 
082 0 |a 304.6091724 
110 2 |a Department for Economic and Social Information and Policy Analysis. 
245 1 0 |a Population growth and policies in mega-cities :  |b Sao Paulo /  |c Department for Economic and Social Information and Policy Analysis 
260 |a New York :   |b United Nations,   |c 1993 
300 |a 36p. 
490 1 |a Population policy paper 
650 0 0 |a Cities and towns  |z Developing countries  |x Growth. 
650 0 0 |a Metropolitan areas  |z Developing countries. 
830 0 |a Population policy paper 
852 |a INST  |b LESVOS  |e 20000602  |h 304.6091724 DEP  |p 005100024137  |q 005100024137  |t BK  |y 0 
901 |a BIBL1-2000-2 
909 |a Λ  |b 080074 
922 |a 1ΕΛΗ  |b 200005  |c ΚΠΣ/ΤΓ  |d LEADER 
950 |a 118-1999-09-20 
970 |a ΚΑΜΑΤΣΟΥ  |b ΔΕΣΠΟΙΝΑ  |z 2000/06/06